00460nam a2200145Ia 4500008004100000020001800041050002500059245005200084250001200136260004500148300002100193500004100214521000800255650005100263140429s9999 xx 000 0 und d a9780853696018 aRM 302.5b.Ad39 2006 aAdverse drug reactions /cedited by : Anne Lee. a2nd ed. aChicago :bPharmaceutical Press,cc2006. a474 p. :c24 cm. aIncludes bibliographical references. aNUR aDrugsxSide effects --Handbooks, manuals, etc.